00478nam a2200205Ia 4500003000900000008004100009040001300050040001300063041000800076100001900084245004600103250002200149260002100171260000900192300001100201300000900212300001000221490003500231490000600266IT-RoPAU120407s9999 xx 000 0 und d aIT-RoPAU cIT-RoPAU aita aPaola Giovetti aTeresa Neumann. Di Konnersreuth. 2a. ed. aCinisello Balsamo aEdizioni Paoline c1989 a189 p. bill. c21 cm aTestimoni del nostro tempo, 25 v1